000 00464cam a2200193ua 4500
020 _c8.00
041 _aeng
_h
082 _a954
_bNIL/HI
100 _aNilakanth Sastri, K A .
245 _aHistory of India: Part 3 /
_cK A Nilakanth Sastri.
_hTextual Documents
250 _aREV /
_b.
260 _aChennai :
_bS.Viswanathan ,
_c1964.
300 _a ; .
362 0 _aPart 3-
365 _a8.00
504 _a
942 _cBK
999 _c6140
_d6140